000 00488nmm a2200169Ia 4500
008 251105s9999||||xx |||||||||||||||||und||
020 _a9788497492393
041 _aspa
100 _aLegerén Molina, Antonio
245 0 _aLa partición conjunta en el Derecho gallego
264 _a[Madrid, España] :
_bUniversidade da Coruña,
_c2007
300 _a364 páginas
490 _aMonografías
650 _aLaw
856 _uhttps://public.digitaliapublishing.com/a/1126
942 _cCF
999 _c90554
_d90554